Eva Brožová : Galerie Stará radnice, Brno, 27.1.-6.3.1988 : Výstavní síň OKS v Teplicích, 20.3.-20.4.1988 /

Hlavní autor: Brožová, Eva, 1948-2017
Další autoři: Dvořáková, Nina, 1931-
Jazyk: Čeština
Vydáno: Brno : Dům umění města Brna ;Okresní kulturní středisko, 1988
Témata:
Fyzický popis: 16 nečíslovaných stran : ilustrace ; 21 cm
Knihy
Uloženo v:
LEADER 01215nam a22003132i 4500
001 001537538
003 CZ BrMZK
005 20161208091143.0
007 ta
008 160728s1988 xr a er|||||||||||cze d
015 |a cnb000042485 
020 |q (Brož.) 
035 |a (OCoLC)39418744 
040 |a ABA001  |b cze  |d ABA001  |d BOA001  |e rda 
080 9 |a 730.071.1Brožová,E. 
100 1 |a Brožová, Eva,  |d 1948-2017  |7 jn20000728071  |4 art  |4 ill 
245 1 0 |a Eva Brožová :  |b Galerie Stará radnice, Brno, 27.1.-6.3.1988 : Výstavní síň OKS v Teplicích, 20.3.-20.4.1988 /  |c text katalogu Nina Dvořáková 
264 1 |a Brno :  |b Dům umění města Brna ;  |a Teplice :  |b Okresní kulturní středisko,  |c 1988 
300 |a 16 nečíslovaných stran :  |b ilustrace ;  |c 21 cm 
336 |a text  |b txt  |2 rdacontent 
337 |a bez média  |b n  |2 rdamedia 
338 |a svazek  |b nc  |2 rdacarrier 
600 1 7 |a Brožová, Eva,  |d 1948-  |7 jn20000728071  |2 czenas 
655 7 |a katalogy výstav  |7 fd132536  |2 czenas 
700 1 |a Dvořáková, Nina,  |d 1931-  |7 jn19981000904  |4 wfw 
910 |a BOA001  |b X-0926.463 
990 |a BK 
991 |b 201605 
996 6 |b 2619168925  |c X-0926.463  |l MZK  |r Sklad / do 24 hodin  |n 0  |w 001572402  |u 000010  |a 1  |e BOA001  |j MZK50  |s P